000 00429nam a2200181Ia 4500
001 24531
005 20260414151050.0
008 260414t2006||||xx |||||||||||||| ||spa||
041 _aESP
082 _a345.72
_bD64
100 _aDevis Echandía, Hernando
_eAUT
245 0 _aTeoría general de la prueba judicial
_b
260 _c2006
300 _a
_c24 cm.
650 _aDER
654 _aCDE
942 _cLIB
_dJUS
_fJUS
_2ddc
_n
999 _c24531
_d24531